000 00513nam a22001817a 4500
005 20150324111258.0
010 _aENG-112194
020 _a9789350098554
_c350.00
035 _aEN-95726
037 _bDBAD/PUB
082 _aN
100 _aChowdhury, Amrita
245 _aBreach /
_cby Amrita Chowdhury
260 _aGurgaon
_bHachette Book Publishing
_c2014
270 _a4th & 5th Floor, Corporate Centre, Plot No.94, Sector -44
_bGurgaon
_e122003
300 _a337p.
_c21cm(pbk)
942 _2ddc
_cEN
_mCHO
_hN
999 _c91505
_d91505